| 000 | 00651nas a2200217 i 4500 | ||
|---|---|---|---|
| 001 | 1623 | ||
| 003 | ES-MaACL | ||
| 005 | 20250812062554.0 | ||
| 008 | 950801c1907 sp | p | 1 ||pa d | ||
| 080 | _a460 | ||
| 245 | 0 | 0 |
_aPequeñas monografías de arte _b: revista mensual ilustrada / _cdir., Eladio Laredo y Carranza. |
| 260 |
_aMadrid : _bBernardo Rodríguez, _c1907. |
||
| 300 |
_a1 v. : _bil. ; _c28 cm. |
||
| 310 | _aMensual | ||
| 362 | 0 | _aAño I, n. 1 (mayo 1907) | |
| 650 | 1 | 7 |
_aArte _2embne _910068 |
| 700 | 1 |
_aLaredo y Carranza, Eladio, _edir. _9194258 |
|
| 852 |
_aES-MaACL _jC-2111(1) |
||
| 866 | 0 | _o(1907-08). | |
| 999 |
_c1623 _d1623 |
||